[Event "21st TCh-CRO 1a 2012"]
[Site "Sibenik CRO"]
[Date "2012.10.01"]
[Round "9.24"]
[White "Zelcic,R"]
[Black "Fercec,N"]
[Result "1/2-1/2"]
[WhiteElo "2561"]
[BlackElo "2469"]

1.e4 c5 2.Nf3 Nc6 3.d4 cxd4 4.Nxd4 Qb6 5.Nb3 Nf6 6.Nc3 e6 7.Bd3 a6 8.O-O d6
9.a4 Qc7 10.a5 g6 11.Bf4 Nh5 12.Be3 Bg7 13.Qd2 O-O 14.Be2 Nf6 15.Rad1 d5
16.Bb6 Qb8 17.exd5 exd5 18.Nxd5 Nxd5 19.Qxd5 Bxb2 20.Nc5 Qf4 21.Nxa6 Be6
22.Qb5 Be5 23.g3 Qf6 24.Nb4 Nxb4 25.Qxb4 Bh3 26.Qb5 Bc3 27.Qd5 Rfe8 28.Bf3 Bxf1
29.Kxf1 Bxa5 30.Bxa5 Rxa5 31.Qxa5 Qxf3 32.Qd5 Qe2+ 33.Kg2 Qxc2 34.h4 Qc6
35.Qxc6 bxc6 36.Rd7 Re6 37.g4 h6 38.Rc7 g5 39.Kg3 Rf6 40.Rc8+ Kg7 41.hxg5 hxg5
42.f4 gxf4+ 43.Kf3 Rd6 44.Kxf4 Rd4+ 45.Ke3 Rc4 46.g5 Rc3+ 47.Kd2 Rc5 48.Ke3 Kg6
49.Rg8+ Kh5 50.Rg7 Rf5 51.Kd4  1/2-1/2

[Event "3rd Copa Latino-Americana"]
[Site "Cali COL"]
[Date "2012.10.05"]
[Round "3.2"]
[White "Zapata,Alo"]
[Black "Orozco,Lu"]
[Result "1-0"]
[WhiteElo "2467"]
[BlackElo "2092"]

1.e4 c5 2.Nf3 Nc6 3.d4 cxd4 4.Nxd4 Qb6 5.Nb3 Nf6 6.Nc3 e6 7.g3 a6 8.Bg2 Be7
9.O-O d6 10.a4 Na5 11.Be3 Qc7 12.Nxa5 Qxa5 13.f4 O-O 14.g4 Nd7 15.g5 Rd8
16.Qe1 Qb4 17.a5 Nc5 18.f5 Bf8 19.Qf2 b6 20.g6 Bb7 21.fxe6 f6 22.Nd5 Bxd5
23.gxh7+ Kh8 24.exd5 bxa5 25.Bd4 Rab8 26.Ra3 Re8 27.Rg3 Re7 28.Bxf6 gxf6
29.Qxf6+ Rg7 30.e7 Kxh7 31.exf8=N+ Rxf8 32.Qxg7+  1-0

[Event "TCh-ISL 2012-13"]
[Site "Reykjavik ISL"]
[Date "2012.10.05"]
[Round "1.4"]
[White "Bjornsson,Si"]
[Black "Karlsson,MiJ"]
[Result "1-0"]
[WhiteElo "2401"]
[BlackElo "1940"]

1.e4 c5 2.Nf3 Nc6 3.d4 cxd4 4.Nxd4 Qb6 5.Nb3 Nf6 6.Nc3 e6 7.Be3 Qc7 8.Be2 a6
9.O-O b5 10.a3 Be7 11.f4 d6 12.Bf3 Bb7 13.Kh1 O-O 14.g4 Rfe8 15.g5 Nd7 16.Bg2 Bf8
17.Qh5 b4 18.axb4 Nxb4 19.Nd4 g6 20.Qh4 e5 21.fxe5 Nxe5 22.Rad1 Bg7 23.Bc1 Rad8
24.Nd5 Bxd5 25.exd5 Nxc2 26.Nc6 Nxc6 27.dxc6 Ne3 28.Bxe3 Rxe3 29.Qc4 Re5
30.Bd5 Rf8 31.Qxa6 Qd8 32.Qb7 Re7 33.Qb5 Re5 34.Qc4 Qc7 35.b4 Rxg5 36.Rxf7 Rxf7
37.Bxf7+ Kh8 38.Bd5 Be5 39.Rf1 Rf5 40.b5 Kg7 41.Rxf5 gxf5 42.Qh4 Bf6 43.Qg3+ Kh6
44.Qe3+ Bg5 45.b6 Qg7 46.Qe6+ Bf6 47.c7 Qg5  1-0

[Event "3rd Copa Latino-Americana"]
[Site "Cali COL"]
[Date "2012.10.06"]
[Round "4.13"]
[White "Ruiz C,J"]
[Black "Leon Magallanes,I"]
[Result "1/2-1/2"]
[WhiteElo "2315"]
[BlackElo "2069"]

1.e4 c5 2.Nf3 Nc6 3.d4 cxd4 4.Nxd4 Qb6 5.Nb3 e6 6.Bd3 Nf6 7.Nc3 d5 8.exd5 Nxd5
9.Nxd5 exd5 10.O-O Be6 11.Bf4 Be7 12.Qh5 Qb4 13.Qf3 O-O 14.Qg3 Rfc8 15.Rae1 Bf6
16.c3 Qb6 17.Be3 Qc7 18.Qxc7 Rxc7 19.Bf4 Re7 20.Nc5 b6 21.Nxe6 Rxe6 22.Bb5 Ne7
23.Bd7 Rxe1 24.Rxe1 Rd8 25.Bg4 d4 26.Bc7 Rd5 27.c4 Rc5 28.Bb8 Rxc4 29.Bxa7 d3
30.h3 d2 31.Rd1 Rc2 32.Bxb6 Rxb2 33.Ba5 Rxa2 34.Bxd2 Ra1 35.Bc1 g6 36.g3 Kg7
37.Kg2 Nc6 38.h4 h5 39.Be2 Nb4 40.Bc4 Nc6 41.f3 Ra4 42.Bb3 Rb4 43.Bc2 Nd4
44.Be4 Ne2 45.Bd2 Rb2 46.Kh3 Ng1+ 47.Rxg1 Rxd2 48.Rc1 Rd7 49.Rc5 Re7 50.Ra5 Bd4
51.g4 hxg4+ 52.Kxg4 f5+ 53.Bxf5 gxf5+ 54.Rxf5 Bf6 55.Ra5 Re5 56.Ra6 Re1 57.Ra7+ Re7
58.Ra5 Re5 59.Ra7+ Re7 60.Ra4 Rd7 61.f4 Re7 62.h5 Kh7 63.Ra6 Rf7 64.Re6 Kg7
65.Rc6 Kh7 66.Kf5 Bd4+ 67.Kg5  1/2-1/2

[Event "3rd Copa Latino-Americana"]
[Site "Cali COL"]
[Date "2012.10.06"]
[Round "5.18"]
[White "Valle,E"]
[Black "Aguilar,N"]
[Result "1-0"]
[WhiteElo "2193"]
[BlackElo "1939"]

1.e4 c5 2.Nf3 Nc6 3.d4 cxd4 4.Nxd4 Qc7 5.Nc3 e6 6.Be3 a6 7.Bd3 Nf6 8.O-O b5
9.Nxc6 dxc6 10.f4 Bb4 11.e5 Nd5 12.Nxd5 cxd5 13.Bd4 Bd7 14.Qf3 h6 15.f5 exf5
16.Qg3 Be6 17.Qxg7 O-O-O 18.Bxf5 Rdg8 19.Bxe6+ fxe6 20.Qxc7+ Kxc7 21.Rf7+ Kc6
22.Raf1 Bc5 23.c3 Bxd4+ 24.cxd4 Rg4 25.R7f4 Rhg8 26.g3 b4 27.Kf2 Kb5 28.Rc1 Rxf4+
29.gxf4 h5 30.Rc5+ Kb6 31.f5 exf5 32.Rxd5 Rg4 33.e6 Kc6 34.Re5 Rg8 35.e7 Re8
36.Kf3 Kd6 37.Kf4 Rxe7 38.Rxe7 Kxe7 39.Kxf5 Kd6 40.Ke4 h4 41.h3 a5 42.b3 Ke6
43.d5+ Kd6 44.Kd4 Kd7 45.Kc5  1-0

[Event "3rd Copa Latino-Americana"]
[Site "Cali COL"]
[Date "2012.10.07"]
[Round "6.13"]
[White "Ruiz C,J"]
[Black "Orozco,Lu"]
[Result "1-0"]
[WhiteElo "2315"]
[BlackElo "2092"]

1.e4 c5 2.Nf3 Nc6 3.d4 cxd4 4.Nxd4 Qb6 5.Nb3 Nf6 6.Nc3 e6 7.Bd3 Be7 8.Bd2 a6
9.O-O Qc7 10.f4 d6 11.Qf3 O-O 12.Rae1 b5 13.Qh3 Bb7 14.e5 dxe5 15.fxe5 Nxe5
16.Rxe5 Qxe5 17.Rxf6 g6 18.Rf1 b4 19.Bf4 Qh8 20.Na4 Bc6 21.Nb6 Ra7 22.Nc4 Bf6
23.Qe3 Raa8 24.Be5 Bg7 25.Nc5 Bb5 26.Ne4 f6 27.Qb6 Rae8 28.Ncd6 Bxd3 29.cxd3 Rb8
30.Nxf6+ Bxf6 31.Qxb8  1-0

[Event "12th Winterthurer Schachwoche"]
[Site "Winterthur SUI"]
[Date "2012.10.09"]
[Round "4"]
[White "Lampert,J"]
[Black "Perunovic,Mil"]
[Result "0-1"]
[WhiteElo "2299"]
[BlackElo "2617"]

1.e4 c5 2.Nf3 Nc6 3.d4 cxd4 4.Nxd4 Qb6 5.Nb3 Nf6 6.Nc3 e6 7.Bd3 a6 8.Bd2 Qc7
9.f4 d6 10.Qf3 b5 11.a3 Bb7 12.O-O g6 13.Rae1 Bg7 14.Qh3 O-O 15.Kh1 Rae8
16.a4 bxa4 17.Nxa4 Kh8 18.Nc3 Qb8 19.e5 dxe5 20.Nc5 exf4 21.Bxf4 e5 22.Bg5 Bc8
23.Qh4 Nh5 24.Be4 Qd6 25.Bxc6 Qxc6 26.Be7 Nf4 27.N3e4 f5 28.Bxf8 Rxf8 29.Rxf4 exf4
30.Ng5 h6 31.Nce6 Bb7 32.Nxf4 Kg8 33.Nge6 g5 34.Qg3 Rf7 35.Nh5 f4 36.Qf2 f3
37.g3 Qxc2 38.Rf1 Rd7 39.Kg1 Rd2  0-1

[Event "22nd Metropolitan IM"]
[Site "Los Angeles USA"]
[Date "2012.10.13"]
[Round "7"]
[White "Akopian,R"]
[Black "Amerkeshev,M"]
[Result "1/2-1/2"]
[WhiteElo "2093"]
[BlackElo "2161"]

1.e4 c5 2.Nf3 Nc6 3.d4 cxd4 4.Nxd4 Qb6 5.Nb3 Nf6 6.Nc3 e6 7.Qe2 d6 8.g4 a6
9.g5 Nd7 10.f4 Be7 11.Bg2 Nc5 12.Be3 Qc7 13.O-O-O b5 14.Rhe1 O-O 15.Nxc5 dxc5
16.e5 Bb7 17.Kb1 Rfd8 18.Ne4 Nb4 19.h4 Bd5 20.a3 Ba2+ 21.Ka1 Bc4 22.Qf2 Rxd1+
23.Rxd1 Rd8 24.Rxd8+ Qxd8 25.b3 Qa5 26.Kb2 Bxb3 27.Bd2 Bd5 28.Nf6+ gxf6 29.Bxd5 c4
30.axb4 Bxb4 31.Bxb4 Qxb4+ 32.Kc1 Qa3+ 33.Kd1 Qa1+ 34.Ke2 Qc3 35.Be4 f5 36.Qb6 Kg7
37.Qd8 fxe4 38.Qf6+ Kg8  1/2-1/2

[Event "TCh-ROU League A 2012"]
[Site "Olanesti ROU"]
[Date "2012.10.13"]
[Round "8.1"]
[White "Soltanici,R"]
[Black "Shishkin,Va UKR"]
[Result "1/2-1/2"]
[WhiteElo "2433"]
[BlackElo "2496"]

1.e4 c5 2.Nf3 Nc6 3.d4 cxd4 4.Nxd4 Qb6 5.Nb3 Nf6 6.Nc3 e6 7.Qe2 Bb4 8.Bd2 O-O
9.a3 Be7 10.e5 Nd5 11.g3 d6 12.exd6 Bxd6 13.Bg2 Be5 14.Na4 Qc7 15.O-O b6
16.c4 Ba6 17.Rac1 Rac8 18.Rfe1 Rfd8 19.Qg4 Nf6 20.Qe2 Qd7 21.Red1 Qd3 22.Qxd3 Rxd3
23.Bxc6 Rxb3 24.Bb5 Bxb5 25.cxb5 Rxc1 26.Rxc1 h6 27.Rc8+ Kh7 28.Ra8 Bxb2
29.Nxb2 Rxb2 30.Bb4 Nd5 31.Rxa7 Nxb4 32.axb4 Rxb4 33.Rxf7 Kg6 34.Rb7 Rxb5
35.Kg2 Kf6 36.h4 h5 37.Rb8 Rb1 38.Rf8+ Kg6 39.Re8 Kf7 40.Rh8 g6 41.Rb8 b5
42.Kf3 b4 43.Kf4 Kf6 44.Rf8+ Kg7 45.Re8 Rb2 46.f3 Re2 47.Rb8 Kf6 48.Rf8+ Ke7
49.Rb8 Kf6 50.Rf8+ Ke7 51.Rb8 Kf6  1/2-1/2

[Event "17th European Club Cup w"]
[Site "Eilat ISR"]
[Date "2012.10.14"]
[Round "4.2"]
[White "Bronnikova,E"]
[Black "Girya,O"]
[Result "1/2-1/2"]
[WhiteElo "2244"]
[BlackElo "2454"]

1.e4 c5 2.Nf3 Nc6 3.d4 cxd4 4.Nxd4 Qc7 5.Nc3 e6 6.f4 Nxd4 7.Qxd4 a6 8.Be3 b5
9.a3 Bb7 10.Be2 Rc8 11.O-O h5 12.Rad1 Nf6 13.h3 Bc5 14.Qxc5 Qxc5 15.Bxc5 Rxc5
16.e5 Ne4 17.Nxe4 Bxe4 18.c3 h4 19.Bf3 Bxf3 20.Rxf3 g5 21.Rd6 gxf4 22.Rxa6 Rh5
23.Rxf4 Rcxe5 24.a4 Re2 25.Rf2 Re1+ 26.Rf1 Re2 27.Rf2 Re1+ 28.Rf1 Re4 29.axb5 Rxb5
30.b4 Re3 31.Ra8+ Ke7 32.Rh8 Rxc3 33.Rxh4 Rb3 34.g4 R5xb4 35.Rh7 d5 36.Rhxf7+ Kd6
37.Kg2 Re3 38.g5 Rbb3 39.R1f3 Rxf3 40.Rxf3 Rxf3 41.Kxf3 e5 42.h4 Ke6 43.h5 Kf5
44.g6 Kf6 45.Ke3  1/2-1/2

[Event "NIT Nagpur GM Open 2012"]
[Site "Nagpur IND"]
[Date "2012.10.19"]
[Round "6.12"]
[White "Karthikeyan,P2"]
[Black "Fominyh,A"]
[Result "1-0"]
[WhiteElo "2401"]
[BlackElo "2490"]

1.e4 c5 2.Nf3 Nc6 3.d4 cxd4 4.Nxd4 Qb6 5.Nb3 Nf6 6.Nc3 e6 7.Qe2 d6 8.g4 h6
9.Be3 Qc7 10.h4 a6 11.a4 Na5 12.f4 Bd7 13.Nd2 Be7 14.g5 hxg5 15.fxg5 Nh5
16.Qf2 Bd8 17.Be2 Nc6 18.Nc4 Ne5 19.Bb6 Qb8 20.Nxe5 dxe5 21.Bxh5 Rxh5 22.Rf1 f6
23.O-O-O Be7 24.gxf6 Bxf6 25.Qg3  1-0

[Event "ITT La Razon 2012"]
[Site "Villa Martelli ARG"]
[Date "2012.10.23"]
[Round "1.3"]
[White "Lujan,C"]
[Black "Stewart,William John"]
[Result "1/2-1/2"]
[WhiteElo "2379"]
[BlackElo "2253"]

1.e4 c5 2.Nf3 Nc6 3.d4 cxd4 4.Nxd4 Qb6 5.Nb3 Nf6 6.Bd3 e6 7.O-O d5 8.exd5 exd5
9.Re1+ Be7 10.Bf4 O-O 11.h3 Re8 12.c3 Be6 13.Na3 a6 14.Nc2 a5 15.Qf3 Ne4
16.Rab1 Bf6 17.Bxe4 dxe4 18.Qxe4 a4 19.Nbd4 Bxd4 20.Nxd4  1/2-1/2

[Event "4th Marcel Duchamp Premier"]
[Site "Buenos Aires ARG"]
[Date "2012.10.24"]
[Round "2"]
[White "Perez,Max"]
[Black "Pichot,A"]
[Result "0-1"]
[WhiteElo "2264"]
[BlackElo "2300"]

1.e4 c5 2.Nf3 Nc6 3.d4 cxd4 4.Nxd4 Qb6 5.Nb3 Nf6 6.Nc3 e6 7.Qe2 Bb4 8.Bd2 O-O
9.a3 Be7 10.O-O-O d5 11.exd5 Nxd5 12.Nxd5 exd5 13.Be3 Qc7 14.Kb1 Be6 15.f4 Bf6
16.Qf2 d4 17.Nxd4 Rad8 18.c3 Rfe8 19.Bb5 Bxd4 20.Bxd4 Bf5+ 21.Bd3 Qa5 22.Ka1 Bxd3
23.Rxd3 Qf5 24.Rhd1 Na5 25.Qf3 h5 26.c4 Nxc4 27.Bc3 Rxd3 28.Rxd3 Nb6 29.Qg3 f6
30.Rd6 Nd5 31.Bd2 Re2 32.Bc3 Rc2 33.Rd8+ Kh7 34.Bd4 Rc1+ 35.Ka2 Qb1+ 36.Kb3 Qc2+
37.Ka2 Qc4+  0-1

[Event "Danilo Batricevic Mem Balkan GP"]
[Site "Cetinje MNE"]
[Date "2012.10.26"]
[Round "8.6"]
[White "Kontic,D"]
[Black "Stojanovic,Da"]
[Result "1/2-1/2"]
[WhiteElo "2336"]
[BlackElo "2488"]

1.e4 c5 2.Nf3 Nc6 3.d4 cxd4 4.Nxd4 Qc7 5.Nc3 e6 6.Be3 a6 7.Qe2 Nf6 8.O-O-O Bb4
9.Nd5 exd5 10.exd5 Ne5 11.Nf5 O-O 12.d6 Qa5 13.c3 Ng6 14.Ne7+ Nxe7 15.cxb4 Qxa2
16.dxe7 Re8 17.Bd4 d5 18.Qd3 Bg4 19.f3 Rac8+ 20.Kd2 Be6 21.Qa3 Qxa3 22.bxa3 Rxe7
23.Bxf6 gxf6 24.Bd3 d4 25.Rc1 Rd8 26.Rhe1 Red7 27.Re4 Kg7 28.Rh4 h6 29.Rc5 Rd5
30.Rxd5 Rxd5 31.Be4 Rd7 32.Rh5 Bc4 33.a4 b6 34.Bd3 Rc7 35.a5 Bxd3 36.axb6 Rb7
37.Kxd3 Rxb6 38.Kc4 Rd6 39.Kd3 Rb6 40.Kc4 Rd6 41.Kd3 Rb6  1/2-1/2

[Event "TCh-SVK Extraliga 2012-13"]
[Site "Slovakia SVK"]
[Date "2012.10.27"]
[Round "1.3"]
[White "Hracek,Z"]
[Black "Petenyi,T"]
[Result "1-0"]
[WhiteElo "2612"]
[BlackElo "2457"]

1.e4 c5 2.Nf3 Nc6 3.d4 cxd4 4.Nxd4 Qb6 5.Nb3 Nf6 6.Nc3 e6 7.Qe2 Bb4 8.Bd2 O-O
9.a3 Be7 10.O-O-O d5 11.e5 Nd7 12.f4 a6 13.Qh5 Qc7 14.Bd3 g6 15.Qh6 Re8 16.h4 Qd8
17.Ne2 Nc5 18.Nxc5 Bxc5 19.Qg5 Bf8 20.Qg3 h5 21.Bc3 Ne7 22.Bb4 Bg7 23.Qf3 Nf5
24.Bxf5 exf5 25.Rxd5 Qc7 26.Rhd1 Be6 27.Rc5 Qb6 28.Rd6 Qa7 29.Rc7 Rac8 30.Rxb7 Qa8
31.Nd4 Bc4 32.b3 Bd3 33.e6 Rxe6 34.Rxe6 Bxd4 35.Rxg6+ Bg7 36.Bc3 Rxc3 37.Rxg7+ Kxg7
38.Rxf7+ Kxf7 39.Qxa8 Be4 40.Qa7+ Kf8 41.Qf2 Rc6 42.Kb2 Ke7 43.g3 Ke6 44.c4 Rd6
45.Qe2 a5 46.a4 Rd3 47.Qe1  1-0

[Event "TCh-SVK Extraliga 2012-13"]
[Site "Slovakia SVK"]
[Date "2012.10.28"]
[Round "2.3"]
[White "Meszaros,Mi"]
[Black "Kuchynka,Luk"]
[Result "1-0"]
[WhiteElo "2412"]
[BlackElo "2310"]

1.e4 c5 2.Nf3 Nc6 3.d4 cxd4 4.Nxd4 Qb6 5.Nb3 Nf6 6.Nc3 e6 7.Qe2 Bb4 8.Bd2 Bxc3
9.Bxc3 e5 10.O-O-O O-O 11.Rd6 Qc7 12.Rxf6 gxf6 13.Qg4+ Kh8 14.Qh4 Qd8 15.f4 d6
16.f5 a5 17.a3 Bd7 18.Bc4 Qe7 19.Rd1 Rg8 20.g4 a4 21.Nd2 Rab8 22.Bb5 Nd4
23.Bxd7 Ne2+ 24.Kb1 Nxc3+ 25.bxc3 Qxd7 26.Qxf6+ Rg7 27.Nc4 Qb5+ 28.Nb2 Qc6
29.Rxd6 Qxc3 30.Nd3 Qxa3 31.Nxe5 Qb4+ 32.Ka2 Kg8 33.Qe7 Qa5 34.f6 Rc8 35.Nc4  1-0

[Event "39th ch-IND Premier w 2012"]
[Site "Jalgaon IND"]
[Date "2012.11.01"]
[Round "9.4"]
[White "Michelle Catherina,P"]
[Black "Soumya,Sw"]
[Result "0-1"]
[WhiteElo "2109"]
[BlackElo "2251"]

1.e4 c5 2.Nf3 Nc6 3.d4 cxd4 4.Nxd4 Qb6 5.Nb3 Nf6 6.Nc3 e6 7.Qe2 Bb4 8.Bd2 O-O
9.a3 Be7 10.e5 Nd5 11.O-O-O d6 12.exd6 Bxd6 13.g3 Be5 14.Nxd5 exd5 15.f4 Bf6
16.Qd3 Rd8 17.Bg2 a5 18.Be3 d4 19.Bf2 Bg4 20.Rde1 g6 21.Nd2 Qc7 22.h3 Be6
23.h4 Ne7 24.h5 Rac8 25.hxg6 hxg6 26.Kb1 Nf5 27.Be4 Ne3 28.Rc1 Bg7 29.Qb5 f5
30.Bf3 b6 31.Qd3 b5 32.Rhe1 Bc4 33.Nxc4 bxc4 34.Qd2 Rb8 35.Ka2 Rxb2+ 36.Kxb2  0-1

[Event "Subzonal 2.3 2012"]
[Site "Pamplona COL"]
[Date "2012.11.06"]
[Round "4.12"]
[White "Contreras,H"]
[Black "Mendoza,Raf"]
[Result "1/2-1/2"]
[WhiteElo "2211"]
[BlackElo "2343"]

1.e4 c5 2.Nf3 Nc6 3.d4 cxd4 4.Nxd4 Qb6 5.Nb3 Nf6 6.Nc3 e6 7.Qe2 a6 8.e5 Ng8
9.f4 Nge7 10.Be3 Qc7 11.Bc5 Ng6 12.Bxf8 Kxf8 13.g3 d6 14.exd6 Qxd6 15.Ne4 Qe7
16.O-O-O e5 17.fxe5 Ngxe5 18.Re1 Bg4 19.Qf2 Rd8 20.Be2 h5 21.Kb1 Rh6 22.Nbc5 Kg8
23.Nd3 Bxe2 24.Nxe5 Qxe5 25.Rxe2 Re6 26.a3 Qd4 27.Qxd4 Rxd4 28.Rhe1 Re5 29.b4 b6
30.Kb2 f6 31.Kc3 a5 32.Nd2 axb4+ 33.axb4 Red5 34.Nb3 Rg4 35.Re6 Nxb4 36.Rxb6 Rd8
37.Rb5 Rc8+ 38.Rc5 Rxc5+ 39.Nxc5 Nxc2 40.Re4 Rxe4 41.Nxe4 Ne3 42.Nd2 Kf7
43.Kd3 Ng4 44.Nf1 Ke6 45.Ke4 g5 46.h4 Ne5 47.hxg5 fxg5 48.Ne3 Nd7 49.Kf3 Nf6
50.Nc4 Kd5 51.Ne3+ Kd4 52.Nf5+ Ke5 53.Ng7 g4+ 54.Ke3  1/2-1/2

[Event "Subzonal 2.3 2012"]
[Site "Pamplona COL"]
[Date "2012.11.07"]
[Round "5.7"]
[White "Martinez,Jor"]
[Black "Mosquera,M"]
[Result "0-1"]
[WhiteElo "2219"]
[BlackElo "2375"]

1.e4 c5 2.Nf3 Nc6 3.d4 cxd4 4.Nxd4 Qc7 5.c4 Qe5 6.Be3 Qxe4 7.Nc3 Qe5 8.Be2 Nf6
9.O-O e6 10.Re1 Bc5 11.Nf3 Qd6 12.Qc1 Bxe3 13.Qxe3 O-O 14.Red1 Qe7 15.c5 b6
16.cxb6 axb6 17.Nb5 Ba6 18.Rd2 Nd5 19.Qb3 Rfc8 20.Nfd4 Nxd4 21.Rxd4 Qg5 22.Bf3 Nf4
23.Rxf4 Qxf4 24.g3 Qe5 25.Bxa8 Qxb5 26.Bf3 d5 27.Qa3 h6 28.Bg2 Qa5 29.Qb3 Qd2
30.h4 Rc2 31.Qxb6 Rxb2 32.Qa7 d4 33.Qa8+ Kh7 34.Qe4+ f5 35.Qf4 Qxf4 36.gxf4 d3
37.Bf1 d2 38.Bxa6 Rxa2 39.Rd1 Rxa6 40.Rxd2 Ra4 41.Kg2 Rxf4 42.Kg3 Rg4+ 43.Kh3 Kg6
44.f3 Rc4 45.Rg2+ Kf7 46.h5 Rc3 47.Rf2 Kf6 48.Kh4 Rc4+ 49.Kh3 Kg5 50.Rg2+ Kf4
51.Rxg7 Kxf3 52.Rg6 e5 53.Rxh6 e4 54.Rf6 f4 55.h6 Rc1 56.Kh4 e3 57.Kg5 Rg1+
58.Kf5 e2 59.Re6 e1=Q  0-1

[Event "WY BU18 2012"]
[Site "Maribor SLO"]
[Date "2012.11.09"]
[Round "2.35"]
[White "Esenbek Uulu,Bakai"]
[Black "Iskandarov,M"]
[Result "0-1"]
[WhiteElo "1984"]
[BlackElo "2396"]

1.e4 c5 2.Nf3 Nc6 3.d4 cxd4 4.Nxd4 Qb6 5.Nb3 Nf6 6.Nc3 e6 7.Be3 Qc7 8.a3 a6
9.Be2 b5 10.O-O d6 11.f4 Be7 12.Bf3 Bb7 13.Qe2 O-O 14.Rad1 Rfe8 15.g4 Nd7
16.Qf2 Bf8 17.g5 Na5 18.Nxa5 Qxa5 19.Rd3 Rac8 20.Bg2 Qc7 21.Qh4 g6 22.Bd4 Bg7
23.Bxg7 Kxg7 24.Rfd1 Rcd8 25.Rxd6 Nb6 26.R6d3 Kg8 27.Qf2 Nc4 28.b3 Nxa3 29.e5 b4
30.Rxd8 Rxd8 31.Rxd8+ Qxd8 32.Ne4 Bxe4 33.Bxe4 Qd1+ 34.Kg2 Kg7 35.Bd3 a5
36.Kg3 a4 37.bxa4 b3 38.cxb3 Qxd3+ 39.Qf3 Qd4 40.a5 Qg1+ 41.Kh3 Nc2 42.a6 Nb4
43.Qa8 Nd3  0-1

[Event "WY GU18 2012"]
[Site "Maribor SLO"]
[Date "2012.11.09"]
[Round "2.21"]
[White "Bezkorovaina,M"]
[Black "Protsyuk,Svitlana"]
[Result "1/2-1/2"]
[WhiteElo "2025"]
[BlackElo "1754"]

1.e4 c5 2.Nf3 Nc6 3.d4 cxd4 4.Nxd4 Qb6 5.Nb3 Nf6 6.Nc3 e6 7.Bg5 Be7 8.Qd2 O-O
9.f4 h6 10.Bxf6 Bxf6 11.O-O-O a5 12.Na4 Qc7 13.h4 d5 14.g4 Be7 15.Qe3 Nb4
16.c3 e5 17.Nb6 Bxg4 18.Nxa8 Rxa8 19.Rd2 a4 20.Na1 d4 21.Qg3 Nxa2+ 22.Kb1 dxc3
23.Rc2 Be6 24.fxe5 Bb3 25.Rg2 Bf8 26.e6 Rd8 27.Bd3 Qxg3 28.exf7+ Bxf7 29.Rxg3 cxb2
30.Kxb2 a3+ 31.Kc2 Nb4+ 32.Kc3 Bd6 33.Rf3 Nxd3 34.Kxd3 Be5+ 35.Ke3 b5 36.Rf5 Bd4+
37.Kf4 Bc4 38.Nc2 Bb2 39.Kf3 Rd3+ 40.Kf4 Rd2 41.Na1 Rf2+ 42.Ke3 Rxf5 43.exf5 Bxa1
44.Rxa1 a2 45.Kd4 Kf7 46.Kc3 Kf6 47.Kb2 Kxf5 48.h5 g5 49.hxg6 Kxg6 50.Rg1+ Kf5
51.Rh1 Kg5 52.Rg1+ Kf6 53.Rh1 Kg7 54.Rh2 b4 55.Rh4 Bd5 56.Rxb4 h5 57.Rh4 Kg6
58.Rxh5  1/2-1/2

[Event "WY BU18 2012"]
[Site "Maribor SLO"]
[Date "2012.11.09"]
[Round "2.42"]
[White "Lucovnik,Tilen"]
[Black "Sofranov,V"]
[Result "1/2-1/2"]
[WhiteElo "1883"]
[BlackElo "2191"]

1.e4 c5 2.Nf3 Nc6 3.d4 cxd4 4.Nxd4 Qb6 5.Nb3 Nf6 6.Nc3 e6 7.Be3 Qc7 8.Bd3 d6
9.O-O a6 10.f4 Be7 11.Qf3 Rb8 12.Rae1 Nd7 13.g4 O-O 14.g5 Re8 15.Qg3 Bf8
16.f5 Nce5 17.f6 g6 18.h4 b5 19.Re2 b4 20.Nd1 a5 21.Rh2 a4 22.Nc1 Nc5 23.h5 Bb7
24.Qh4 h6 25.gxh6 Kh7 26.hxg6+ fxg6 27.Bf4 Nf7 28.Be3 Qc6 29.Nf2 Nxd3 30.cxd3 d5
31.Ne2 e5 32.Rg2 Bd6 33.Ng3 Rg8 34.Nh3 Rbf8 35.Ng5+ Nxg5 36.Qxg5 Qe8 37.Rc2 Rf7
38.Bc5 Qe6 39.Bxd6 Qxd6 40.Kh2 Qe6 41.Rfc1 Rxf6 42.Rc7+ Rf7 43.Rxf7+ Qxf7
44.Qxe5 Qf2+ 45.Kh1 Qf3+ 46.Kh2 Qf2+ 47.Kh1  1/2-1/2

[Event "WY BU16 2012"]
[Site "Maribor SLO"]
[Date "2012.11.12"]
[Round "6.34"]
[White "Radovanovic,Nik"]
[Black "Bratkovic,Sham"]
[Result "1-0"]
[WhiteElo "2170"]
[BlackElo "1943"]

1.e4 c5 2.Nf3 Nc6 3.d4 cxd4 4.Nxd4 Qc7 5.Be3 e6 6.Nc3 a6 7.Be2 Nf6 8.O-O Be7
9.f4 d6 10.Qe1 O-O 11.Qg3 Kh8 12.Bd3 Bd7 13.Rae1 Rac8 14.Kh1 b5 15.Nxc6 Bxc6
16.e5 Nd7 17.Qh3 g6 18.exd6 Qxd6 19.Rd1 Qb4 20.Be4 Bxe4 21.Rxd7 Bf6 22.Bd4 Bxg2+
23.Qxg2 Bxd4 24.Ne4 Bg7 25.Nd6 Rc5 26.c3 Qa4 27.b3 Qa3 28.Nxf7+ Kg8 29.Ng5 Rxg5
30.fxg5 Bxc3 31.Rxf8+ Qxf8 32.Qh3 h5 33.gxh6 b4 34.Qxe6+ Kh8 35.Qf7 Qa8+
36.Kg1 Bd4+ 37.Rxd4  1-0

[Event "WY GU16 2012"]
[Site "Maribor SLO"]
[Date "2012.11.12"]
[Round "6.37"]
[White "Nouman,A"]
[Black "Gurcan,A"]
[Result "1-0"]
[WhiteElo "1808"]
[BlackElo "1698"]

1.e4 c5 2.Nf3 Nc6 3.d4 cxd4 4.Nxd4 Qc7 5.Nb5 Qb8 6.c4 a6 7.N5c3 Nf6 8.Bd3 e6
9.f4 d6 10.Be3 Be7 11.O-O O-O 12.Kh1 Bd7 13.Nd2 Na7 14.Qe2 Qc7 15.Rac1 Bc6
16.a3 Rfd8 17.Qf2 Nc8 18.Kg1 d5 19.cxd5 exd5 20.e5 Ne8 21.Nf3 Bf8 22.h3 Ne7
23.Bxh7+ Kxh7 24.Ng5+ Kh8 25.Qh4+  1-0

[Event "WY BU18 2012"]
[Site "Maribor SLO"]
[Date "2012.11.15"]
[Round "8.40"]
[White "Esenbek Uulu,Bakai"]
[Black "Sofranov,V"]
[Result "1-0"]
[WhiteElo "1984"]
[BlackElo "2191"]

1.e4 c5 2.Nf3 Nc6 3.d4 cxd4 4.Nxd4 Qb6 5.Nb3 Nf6 6.Nc3 e6 7.Be3 Qc7 8.a3 a6
9.Be2 d6 10.O-O Be7 11.f4 b5 12.Bf3 Bb7 13.Qe2 O-O 14.Rad1 Rfe8 15.Qf2 Nd7
16.g4 Bf8 17.g5 Rac8 18.Bg4 b4 19.axb4 Nxb4 20.Bd4 d5 21.exd5 Nxd5 22.f5 Ne5
23.Bxe5 Qxe5 24.Rde1 Qc7 25.fxe6 fxe6 26.Rxe6 Bb4 27.Qd4 Bxc3 28.bxc3 Nxc3
29.Rxe8+ Rxe8 30.Nc5 Nb5 31.Qf2 Bd5 32.Bd7 Ra8 33.Ne6  1-0

[Event "WY GU16 2012"]
[Site "Maribor SLO"]
[Date "2012.11.16"]
[Round "9.35"]
[White "Grgic,N"]
[Black "Kejzar,Petra"]
[Result "1-0"]
[WhiteElo "1812"]
[BlackElo "1723"]

1.e4 c5 2.Nf3 Nc6 3.d4 cxd4 4.Nxd4 Qb6 5.Nb3 Nf6 6.Nc3 e6 7.Be3 Qc7 8.Be2 Be7
9.O-O O-O 10.f4 d6 11.Kh1 Rd8 12.Bf3 b6 13.Qe1 Bb7 14.Rd1 Rac8 15.Qg3 Nb4
16.Nd4 d5 17.e5 Ne4 18.Bxe4 dxe4 19.f5 exf5 20.Nxf5 g5 21.Rxd8+ Bxd8 22.Nh6+ Kg7
23.Rxf7+ Qxf7 24.Nxf7 Kxf7 25.a3 Nc6 26.Nb5  1-0

[Event "WY BU16 2012"]
[Site "Maribor SLO"]
[Date "2012.11.16"]
[Round "9.25"]
[White "Cukrowski,F"]
[Black "Semianiuk,K"]
[Result "1-0"]
[WhiteElo "2161"]
[BlackElo "2102"]

1.e4 c5 2.Nf3 Nc6 3.d4 cxd4 4.Nxd4 Qb6 5.Nb3 Nf6 6.Nc3 e6 7.Bd3 Be7 8.Be3 Qc7
9.O-O O-O 10.f4 d6 11.Qf3 a6 12.Rae1 Nd7 13.Qh3 Nb4 14.Kh1 Nc5 15.Nxc5 dxc5
16.e5 Nxd3 17.cxd3 Rd8 18.Rd1 b6 19.Qg3 f5 20.d4 cxd4 21.Bxd4 b5 22.Qf2 Rb8
23.Rc1 Qa5 24.Bc5 Rb7 25.b4 Bxc5 26.Qxc5 Qc7 27.Ne4 Qxc5 28.Nxc5 Rc7 29.Rfd1 Rxd1+
30.Rxd1 Kf7 31.Kg1 a5 32.a3 axb4 33.axb4 Bb7 34.Kf2 Bd5 35.Ra1 Ke7 36.g3 Kf7
37.Ke3 Ke7 38.Kd4 Bc6 39.Ra6 Kf7 40.Nxe6 Kxe6 41.Kc5 Kd7 42.e6+ Ke7 43.Rxc6 Rb7
44.Kd5 Ra7 45.Rd6 Ra2 46.Rd7+ Kf8 47.Rf7+ Ke8 48.Rxg7 Rxh2 49.Ke5  1-0

[Event "22nd World Seniors Open"]
[Site "Kamena Vourla GRE"]
[Date "2012.11.17"]
[Round "5.31"]
[White "Sokolov,Y"]
[Black "Doubleday,W"]
[Result "1-0"]
[WhiteElo "1947"]
[BlackElo "2039"]

1.e4 c5 2.Nf3 Nc6 3.d4 cxd4 4.Nxd4 Qb6 5.Nb3 Nf6 6.Nc3 e6 7.Be3 Qc7 8.a3 a6
9.Be2 Be7 10.Qd2 d6 11.f3 b5 12.h4 Rb8 13.h5 Ne5 14.h6 g6 15.Nd4 Nc4 16.Bxc4 bxc4
17.Rb1 Bb7 18.Nde2 Rd8 19.Na4 Nd7 20.Bd4 Bf6 21.Bxf6 Nxf6 22.Qc3 e5 23.b3 O-O
24.bxc4 Bc6 25.Nb2 Rb8 26.Rd1 Nd7 27.Nd3 f5 28.exf5 Rxf5 29.Nb4 Bb7 30.Ng3 Rf7
31.Ne4 Bxe4 32.Nxa6 Qb6 33.Nxb8 Nxb8 34.c5 dxc5 35.fxe4 Nc6 36.Qb3 Qa5+ 37.c3 Nd4
38.Qc4 Nc2+ 39.Ke2 Nxa3 40.Qe6 Nb5 41.Ra1 Nxc3+ 42.Ke3 Na4 43.Qc4 Nb2 44.Qxf7+ Kxf7
45.Rxa5 Nc4+ 46.Kd3 Nxa5 47.Ra1 Nc6 48.Kc4 Ne7 49.Kxc5 Kf6 50.Ra7 Ng8 51.Rxh7 Kg5
52.Rh8 Nxh6 53.Rxh6 Kxh6 54.Kd6 Kg7 55.Kxe5 Kf7 56.Kd6 g5 57.g4 Ke8 58.Ke6 Kf8
59.Kf6 Ke8 60.e5 Kf8 61.e6 Ke8 62.e7 Kd7 63.Kf7  1-0

[Event "TCh-HUN 2012-13"]
[Site "Decs HUN"]
[Date "2012.11.18"]
[Round "4"]
[White "Papp,T1"]
[Black "Szuk,B"]
[Result "1/2-1/2"]
[WhiteElo "2297"]
[BlackElo "2397"]

1.e4 c5 2.Nf3 Nc6 3.d4 cxd4 4.Nxd4 Qc7 5.Nc3 e6 6.Nxc6 dxc6 7.Bd3 Nf6 8.O-O e5
9.f4 Bd6 10.f5 b5 11.Qe2 Bb7 12.a4 a6 13.Bg5 Nd7 14.f6 g6 15.Kh1 Nc5 16.Bh6 Ne6
17.axb5 axb5 18.Rxa8+ Bxa8 19.Ra1 Bb7  1/2-1/2

[Event "TCh-HUN 2012-13"]
[Site "Mako HUN"]
[Date "2012.11.18"]
[Round "4"]
[White "Nemeth,Mi2"]
[Black "Mihok,O"]
[Result "0-1"]
[WhiteElo "2086"]
[BlackElo "2435"]

1.e4 c5 2.Nf3 Nc6 3.d4 cxd4 4.Nxd4 Qb6 5.Nb3 Nf6 6.Nc3 e6 7.Bd3 a6 8.O-O d6
9.Be3 Qc7 10.f4 Be7 11.Qf3 O-O 12.Qh3 b5 13.Rae1 Re8 14.Bd2 g6 15.a3 Nd7
16.Nd1 Bf8 17.Bc3 a5 18.f5 Nde5 19.fxg6 hxg6 20.Rf2 b4 21.axb4 axb4 22.Bd2 Nxd3
23.cxd3 e5 24.Qh4 Be6 25.Nc1 Nd4 26.Ne3 Be7 27.Qh6 Qd8 28.Nd5 Bxd5 29.exd5 Bf8
30.Qh3 b3 31.Rxf7 Kxf7 32.Qh7+ Bg7 33.Rf1+ Nf5 34.g4 Rh8 35.Rxf5+ gxf5 36.Qxf5+ Qf6
37.Qd7+ Kg8 38.g5 Qf7 39.Qxd6 Rf8  0-1